| 000 | 01069nam a22002777a 4500 | ||
|---|---|---|---|
| 003 | BD-DhSAU | ||
| 005 | 20230102152750.0 | ||
| 008 | 150613b2021 bg a|||| m||| 00| 0 eng d | ||
| 040 | _aBD-DhSAU | ||
| 082 |
_222 _a630 H344 |
||
| 100 |
_aHasan, A K M Shahid _eRegistration # 14-06011 |
||
| 245 |
_aEffect of NPK and benzylaminopurine on growth and yield of chickpea / _bMS thesis _cA K M Shadid Hasan |
||
| 260 |
_aSher-e-Bangla Agricultural University : _bDepartment of Agronomy, _cJune, 2021 |
||
| 300 |
_ax, 71 p. : _bill. ; _c30 cm. |
||
| 500 | _aMS thesis of Department of Agronomy, Faculty of Agriculture, Sher-e-Bangla Agricultural University, Dhaka, Bangladesh | ||
| 504 | _aIncludes bibliographical reference. | ||
| 590 | _akobir | ||
| 650 | _aAgronomy | ||
| 650 | _aNPK | ||
| 650 | _aBenzylaminopurine | ||
| 650 | _aChickpea | ||
| 700 |
_aIslam, Md. Shahidul _eSuperviser |
||
| 700 |
_aBaque, Md. Abdullahil _eCo-superviser |
||
| 856 | _uhttp://archive.saulibrary.edu.bd:8080/xmlui/handle/123456789/4583 | ||
| 942 |
_2ddc _cTHESIS |
||
| 999 |
_c16450 _d16449 |
||